000 00465nam a2200181Ia 4500
003 GCL
008 140319s9999 xx 000 0 ara d
040 _aGCL /
_cGCL
082 0 4 _a809.3
_bا ت
100 1 _aالبيريس ر.م
245 1 0 _aتاريخ الرواية الحديثة /
_cالبيريس ر.م
700 1 _aجوج سالم
300 _a476 ص
490 _a
650 0 4 _aالادب
650 0 4 _aالادب العالمى
942 _2ddc
_cBK
999 _c40856
_d40856